000 00910nam a2200205 a 4500
001 000031906
005 20240305120454.0
008 110707s2008 dr 000 0 spa d
040 _aDO-SdBNP
_bspa
_cBNPHU
082 _axxxx
_bF477
245 0 0 _aFiguras y alucinaciones; resurresión, momentos en el y espacio /
_cAdolfo Piantini, Orlando Menicucci, Julio Natera; presentación Danilo de los Santos.
260 _a[Santo Domingo] :
_bCasa de Teatro :
_bGrupo León Jiménes,
_c[2008?].
300 _a2 p. ;
_c29 cm.
500 _aExposición de pintura presentada el lunes 3 de noviembre 2008 a las 8:30pm en la sala Paul Giudicelli en Casa de Teatro
700 1 2 _aPiantini, Adolfo,
_tFiguras y alucinaciones
_958093
700 1 2 _aMenicucci, Orlando,
_tResurresión
_958094
700 1 2 _aNatera, Julio,
_tMomentos en el y espacio
_958095
700 1 _aSantos, Danilo de los,
_d1943-2018
_910278
049 _aBNPD
999 _c31397
_d31397